Theory of graphs : proceedings of the colloquium held at Tihany, Hungary, september 1966 /
Guardado en:
| Autores Corporativos: | , |
|---|---|
| Otros Autores: | , |
| Formato: | Libro |
| Idioma: | English |
| Publicado: |
New York :
Academic Press,
1968
|
| Etiquetas: |
Agregar Etiqueta
Sin Etiquetas, Sea el primero en etiquetar este registro!
|
| LEADER | 00852cam a22002175 4500 | ||
|---|---|---|---|
| 001 | MAT.inmabb001789 | ||
| 008 | 700716s1968####nyua#####b####100#0#eng#d | ||
| 005 | 20160527120806.0 | ||
| 245 | 1 | 0 | |a Theory of graphs : |b proceedings of the colloquium held at Tihany, Hungary, september 1966 / |c edited by P. Erdös and G. Katona. |
| 260 | |a New York : |b Academic Press, |c 1968 |g (repr. 1969) | ||
| 300 | |a 370 p. : |b il. ; |c 25 cm. | ||
| 500 | |a "Organized by the Bolyai Mathematical Society." | ||
| 504 | |a Incluye referencias bibliográficas. | ||
| 510 | 4 | |a MR, |c 38 #1016 | |
| 111 | 2 | |a Colloquium on Graph Theory |d (1966 : |c Tihany, Hungary) | |
| 700 | 1 | |a Erdös, Paul, |d 1913- |4 edt | |
| 700 | 1 | |a Katona, G. |4 edt | |
| 710 | 2 | |a Bolyai János Matematikai Társulat. | |
| 084 | |a 05Cxx (05-06) |2 msc2000 | ||
| 010 | |a 68002641 | ||
| 859 | |h 05 |i C714-1966 |p A-3167 |b BIB. MATEMATICA | ||
